[Event "Moquegua Ilo GP"]
[Site "Moquegua Ilo"]
[Date "2017.11.05"]
[Round "8"]
[White "Alarcon Garcia, Alejandro Mikhai"]
[Black "Canaza, Richard"]
[Result "1/2-1/2"]
[WhiteElo "1910"]
[BlackElo "2024"]
[PlyCount "41"]
[EventDate "2017.11.01"]
[EventType "swiss"]
[EventRounds "8"]
[EventCountry "PER"]
[SourceTitle "CBM 181 Extra"]
[Source "ChessBase"]
[SourceDate "2017.12.12"]
[SourceVersion "1"]
[SourceVersionDate "2017.12.12"]
[SourceQuality "1"]

1. d4 f5 2. c4 Nf6 3. Nc3 b6 4. Qc2 e6 5. Bd2 Bb7 6. f3 Nc6 7. e3 f4 8. a3 g5 9. 0-0-0 Bh6 10. Qd3 Na5 11. exf4 Ba6 12. Nb5 Bxb5 13. cxb5 Nd5 14. Nh3 Qf6 15. g3 Bg7 16. Bxa5 bxa5 17. Nf2 h5 18. Ne4 Qg6 19. Be2 g4 20. Ng5 Qxd3 21. Bxd3 1/2-1/2

[Event "Arequipa Llerena Memorial U2200"]
[Site "Arequipa"]
[Date "2016.12.09"]
[Round "2.9"]
[White "Anazco Huamanquispe, Andre"]
[Black "Alarcon Garcia, Alejandro Mikhai"]
[Result "0-1"]
[WhiteElo "1672"]
[BlackElo "1908"]
[PlyCount "39"]
[EventDate "2016.12.08"]
[EventType "swiss"]
[EventRounds "7"]
[EventCountry "PER"]
[SourceTitle "EXT 2024"]
[Source "ChessBase"]
[SourceDate "2023.10.10"]
[SourceVersion "1"]
[SourceVersionDate "2023.10.10"]
[SourceQuality "1"]

1. c4 e5 2. Nc3 g6 3. d4 Bg7 4. d5 d6 5. e4 Ne7 6. Be3 0-0 7. Qd2 f5 8. Bh6 Bxh6 9. Qxh6 fxe4 10. Nxe4 Nf5 11. Qd2 Qh4 12. Bd3 Nd4 13. 0-0-0 Bf5 14. g3 Qe7 15. Ne2 Bxe4 16. Bxe4 Rxf2 17. Rhe1 Nd7 18. Qe3 Rxe2 19. Rxe2 Nxe2+ 20. Qxe2 0-1

[Event "PER-ch U14"]
[Site "Lima"]
[Date "2016.02.06"]
[Round "8.3"]
[White "Gomez Sulca, Frank Royer"]
[Black "Alarcon Garcia, Alejandro Mikhai"]
[Result "0-1"]
[WhiteElo "1571"]
[BlackElo "1801"]
[PlyCount "100"]
[EventDate "2016.02.02"]
[EventType "swiss"]
[EventRounds "9"]
[EventCountry "PER"]
[SourceTitle "EXT 2024"]
[Source "ChessBase"]
[SourceDate "2023.10.10"]
[SourceVersion "1"]
[SourceVersionDate "2023.10.10"]
[SourceQuality "1"]

1. d4 d5 2. Nf3 Nf6 3. e3 e6 4. Nbd2 Nbd7 5. b3 Be7 6. Bd3 0-0 7. 0-0 c5 8. Bb2 b6 9. Ne5 Nxe5 10. dxe5 Nd7 11. f4 f5 12. g4 g6 13. gxf5 gxf5 14. Qh5 Qe8 15. Qh6 Qg6+ 16. Qxg6+ hxg6 17. Kf2 Kf7 18. Nf3 Bb7 19. Rg1 Rh8 20. Rg2 Rh3 21. Bb5 Rd8 22. Bxd7 Rxd7 23. Rag1 d4 24. Rg3 Rxg3 25. hxg3 dxe3+ 26. Kxe3 Be4 27. Rg2 Rd1 28. Bc3 Rf1 29. Rf2 Rxf2 30. Kxf2 Bxc2 31. Ng5+ Bxg5 32. fxg5 Ke7 33. Ke3 Kd7 34. Kd2 Be4 35. b4 Kc6 36. a4 cxb4 37. Bxb4 Kd5 38. Bc3 Kc4 39. Ba1 Kb4 40. Bd4 Kxa4 41. Kc3 Kb5 42. Be3 a5 43. Kb3 Bd5+ 44. Kc3 Kc6 45. Kb2 b5 46. Kc3 b4+ 47. Kb2 Kb5 48. Bf2 a4 49. Be3 a3+ 50. Kb1 b3 0-1

[Event "PER-ch U14"]
[Site "Lima"]
[Date "2016.02.05"]
[Round "6.1"]
[White "Gonzales Curse, Flavio"]
[Black "Alarcon Garcia, Alejandro Mikhai"]
[Result "1-0"]
[WhiteElo "1969"]
[BlackElo "1801"]
[PlyCount "103"]
[EventDate "2016.02.02"]
[EventType "swiss"]
[EventRounds "9"]
[EventCountry "PER"]
[SourceTitle "EXT 2024"]
[Source "ChessBase"]
[SourceDate "2023.10.10"]
[SourceVersion "1"]
[SourceVersionDate "2023.10.10"]
[SourceQuality "1"]

1. d4 d5 2. c4 e6 3. Nc3 Nf6 4. Nf3 Be7 5. Bg5 Nbd7 6. e3 c6 7. Bd3 0-0 8. 0-0 a6 9. Rc1 dxc4 10. Bxc4 b5 11. Bd3 c5 12. Bb1 c4 13. a3 Bb7 14. e4 Re8 15. Qc2 Nf8 16. Rfd1 Qc7 17. h3 Rad8 18. Rd2 Ng6 19. Rcd1 h6 20. Be3 Rd7 21. Nh2 Nh5 22. Ne2 Bg5 23. Bxg5 hxg5 24. Qc3 Nhf4 25. Ng4 Red8 26. Nxf4 Nxf4 27. Qe3 Qb6 28. g3 Ng6 29. Qxg5 Rxd4 30. Qxd8+ Qxd8 31. Rxd4 Qg5 32. f4 Qc5 33. Kh2 c3 34. b4 Qc6 35. Ne3 Qc7 36. Rd6 a5 37. h4 axb4 38. axb4 e5 39. f5 Ne7 40. Rd7 Qb6 41. Ng4 Nc8 42. Bc2 Na7 43. Bb3 Bxe4 44. Rxf7 Kh8 45. Rf8+ Kh7 46. Bg8+ Kh8 47. Bf7+ Kh7 48. Bg6+ Qxg6 49. fxg6+ Bxg6 50. Rdd8 Be4 51. h5 g5 52. Rf7# 1-0

[Event "PER-ch U14"]
[Site "Lima"]
[Date "2016.02.03"]
[Round "2.4"]
[White "Condori Echevarria, Sebastian Alejandro"]
[Black "Alarcon Garcia, Alejandro Mikhai"]
[Result "0-1"]
[WhiteElo "1561"]
[BlackElo "1801"]
[PlyCount "88"]
[EventDate "2016.02.02"]
[EventType "swiss"]
[EventRounds "9"]
[EventCountry "PER"]
[SourceTitle "EXT 2024"]
[Source "ChessBase"]
[SourceDate "2023.10.10"]
[SourceVersion "1"]
[SourceVersionDate "2023.10.10"]
[SourceQuality "1"]

1. e4 c5 2. Nf3 Nc6 3. d4 cxd4 4. Nxd4 Nf6 5. Nc3 e6 6. Be2 Bb4 7. Nxc6 bxc6 8. e5 Ne4 9. Bd2 Nxd2 10. Qxd2 Qa5 11. a3 Bxc3 12. Qxc3 Qxc3+ 13. bxc3 Ke7 14. Rb1 d6 15. f4 Bd7 16. 0-0 Rhb8 17. Rb3 Rb6 18. Rfb1 Rab8 19. a4 Bc8 20. a5 R6b7 21. Kf2 d5 22. g4 Kd7 23. Kg3 Kc7 24. h4 c5 25. h5 c4 26. Rb4 Kc6 27. Rxb7 Rxb7 28. Rb4 Kc5 29. f5 Rxb4 30. cxb4+ Kxb4 31. f6 g5 32. hxg6 hxg6 33. g5 Bd7 34. Bh5 Be8 35. Kh4 Kc3 36. a6 Kxc2 37. Bg4 Kd2 38. Bf3 c3 39. Bg4 c2 40. Bf3 c1Q 41. Bg2 Ke3 42. Bh3 Kf4 43. Bg4 Qe1+ 44. Kh3 Qg3# 0-1

[Event "Arequipa op 1st"]
[Site "Arequipa"]
[Date "2013.06.02"]
[Round "7"]
[White "Alarcon Garcia, Alejandro Mikhai"]
[Black "Acuna, Erwing"]
[Result "1-0"]
[WhiteElo "1721"]
[BlackElo "1892"]
[PlyCount "41"]
[EventDate "2013.05.25"]
[EventType "swiss"]
[EventRounds "9"]
[EventCountry "PER"]
[SourceTitle "EXT 2014"]
[Source "ChessBase"]
[SourceDate "2013.11.20"]
[SourceVersion "1"]
[SourceVersionDate "2013.11.20"]
[SourceQuality "1"]

1. e4 c6 2. d4 d5 3. exd5 cxd5 4. Bd3 a6 5. c3 Nc6 6. h3 Nf6 7. Nf3 b5 8. Bf4 e6 9. 0-0 Bb7 10. Nbd2 Na5 11. Re1 Be7 12. Qe2 0-0 13. Ne5 Re8 14. Ndf3 Bd6 15. Bg5 h6 16. Bh4 Nc4 17. b3 Na5 18. Rac1 Be7 19. Nxf7 Kxf7 20. Qxe6+ Kf8 21. Ne5 1-0

[Event "Arequipa op 1st"]
[Site "Arequipa"]
[Date "2013.05.30"]
[Round "2"]
[White "Cori Quispe, Kevin Joel"]
[Black "Alarcon Garcia, Alejandro Mikhai"]
[Result "1/2-1/2"]
[WhiteElo "2088"]
[BlackElo "1721"]
[PlyCount "153"]
[EventDate "2013.05.25"]
[EventType "swiss"]
[EventRounds "9"]
[EventCountry "PER"]
[SourceTitle "EXT 2014"]
[Source "ChessBase"]
[SourceDate "2013.11.20"]
[SourceVersion "1"]
[SourceVersionDate "2013.11.20"]
[SourceQuality "1"]

1. e4 e5 2. Nf3 Nf6 3. Nxe5 d6 4. Nf3 Nxe4 5. Nc3 Nxc3 6. dxc3 Bg4 7. h3 Be6 8. Nd4 Qd7 9. Qf3 Nc6 10. Bb5 d5 11. 0-0 Bd6 12. Rd1 0-0 13. Nxc6 bxc6 14. Ba4 Rad8 15. Be3 f5 16. Bf4 Bxf4 17. Qxf4 Qd6 18. Qxd6 Rxd6 19. b4 Kf7 20. f3 a5 21. a3 Ra8 22. Bb3 Rad8 23. Rd4 Kf6 24. Re1 c5 25. bxc5 Rc6 26. c4 Rxc5 27. cxd5 Bf7 28. c4 Rd6 29. f4 c6 30. Red1 cxd5 31. cxd5 Rc3 32. R4d3 Rc5 33. Kf2 Rb5 34. Ke3 h6 35. Bc4 Rb8 36. Rb3 Rc8 37. Kd4 Bxd5 38. Bxd5 Rxd5+ 39. Kxd5 Rd8+ 40. Kc5 Rxd1 41. Kb5 Rd5+ 42. Kb6 Rd4 43. Kxa5 Rxf4 44. Kb5 Rf2 45. g3 Rh2 46. a4 Rxh3 47. a5 f4 48. a6 Rxg3 49. Rb4 Rg5+ 50. Ka4 Rg1 51. Rb3 Ra1+ 52. Ra3 Rd1 53. a7 Rd8 54. Kb5 Ra8 55. Kc4 Kf5 56. Kd4 Kg4 57. Kd3 g5 58. Ke2 h5 59. Kf2 Kh4 60. Kg2 g4 61. Ra5 f3+ 62. Kf2 Rf8 63. a8Q g3+ 64. Ke3 Rxa8 65. Rxa8 f2 66. Ke2 Kh3 67. Kf1 Kh2 68. Rg8 h4 69. Rg7 h3 70. Rg8 g2+ 71. Kxf2 Kh1 72. Rg3 Kh2 73. Rg4 Kh1 74. Rg3 Kh2 75. Rg5 Kh1 76. Rg7 Kh2 77. Rg3 1/2-1/2